LEADER 01109nam 2200325Ia 450 001 996392010603316 005 20221108032007.0 035 $a(CKB)1000000000669930 035 $a(EEBO)2264184658 035 $a(OCoLC)12650857 035 $a(EXLCZ)991000000000669930 100 $a19851009d1690 uy | 101 0 $aeng 135 $aurbn||||a|bb| 200 10$aInjunctions for the arch-deacons of the diocess of Sarum$b[electronic resource] $eto be delivered by them to the clergy in their Easter-visitations, 1690 : together with a letter from their diocesan, Gilbert, Lord Bishop of Sarum 210 $aLondon $cRic. Chiswel ...$d1690 215 $a8 p 300 $aCaption title. 300 $aImprint from colophon. 300 $aReproduction of original in Trinity College Library, Dublin. 330 $aeebo-0159 700 $aBurnet$b Gilbert$f1643-1715.$0193326 801 0$bEAA 801 1$bEAA 801 2$bm/c 801 2$bWaOLN 906 $aBOOK 912 $a996392010603316 996 $aInjunctions for the arch-deacons of the diocess of Sarum$92364281 997 $aUNISA LEADER 02817nam 22005773 450 001 996582057903316 005 20220221080244.0 010 $a3-8394-6061-1 024 7 $a10.1515/9783839460610 035 $a(MiAaPQ)EBC6888085 035 $a(Au-PeEL)EBL6888085 035 $a(CKB)21251176700041 035 $a(DE-B1597)606842 035 $a(DE-B1597)9783839460610 035 $a(OCoLC)1298391839 035 $a(EXLCZ)9921251176700041 100 $a20220221d2022 uy 0 101 0 $ager 135 $aurcnu|||||||| 181 $ctxt$2rdacontent 182 $cc$2rdamedia 183 $acr$2rdacarrier 200 10$aErmächtigung durch Sichtbarkeit? $eFilmprojekte mit fluchterfahrenen Jugendlichen in Deutschland 205 $a1st ed. 210 1$aBielefeld :$ctranscript,$d2022. 210 4$d©2022. 215 $a1 online resource (353 pages) 225 1 $aKultur und soziale Praxis 311 08$aPrint version: Schönhofer, Gerhard Ermächtigung durch Sichtbarkeit? Bielefeld : transcript,c2022 9783837660616 327 $tFrontmatter -- $tInhalt -- $t1. Danksagung -- $t2. Thematische Hinleitung und Verortung im Feld -- $t3. Filmprojekte, Ethnografie und kulturanthropologische Migrationsforschung -- $t4. Filmforschung in Medienpädagogik und Kulturanthropologie -- $t5. How about a Mixed-Method Approach? -- $t6. Fallauswahl und Sampling -- $t7. Anspruchshaltungen und Zielsetzungen untersuchter Projekte -- $t8. Themenwahl als Weichenstellung für Sichtbarkeiten -- $t9. Beschaffenheiten eines Sichtbarkeitsregimes -- $t10. Schlussbetrachtungen -- $tLiteraturverzeichnis 330 $aIm Kontext partizipativer Filmprojekte für fluchterfahrene Jugendliche wird Sichtbarkeit oft mit Ermächtigung gleichgesetzt. Gerhard Schönhofer hinterfragt diese Logik, indem er Prozesse des Sichtbarmachens, wie sie in Workshop-Formaten geschehen, ethnografisch beschreibt. Durch die Nähe zum Forschungsfeld wird somit nicht nur ein präzises Bild des Selbstverständnisses, sondern auch der Anspruchshaltungen der Projektleitenden gezeichnet, die bisweilen im Spannungsfeld zu den Motivationen der teilnehmenden Jugendlichen stehen. 410 0$aKultur und soziale Praxis 606 $aSOCIAL SCIENCE / Emigration & Immigration$2bisacsh 610 $aEmpowerment. 610 $aFilm. 610 $aMigration. 610 $aParticipation. 610 $aRefugee Studies. 610 $aRepresentation. 610 $aSocial Work. 610 $aVisibility. 615 7$aSOCIAL SCIENCE / Emigration & Immigration. 676 $a305.235 700 $aSchönhofer$b Gerhard$01725306 801 0$bMiAaPQ 801 1$bMiAaPQ 801 2$bMiAaPQ 906 $aBOOK 912 $a996582057903316 996 $aErmächtigung durch Sichtbarkeit$94128219 997 $aUNISA